000 00406nam a2200169 a 4500
001 2173
005 20140414131919.0
008 010323s19uu xx 00 eng d
020 _a0-307-10383-8
050 _aER
_bM71
100 _aScarry, Richard
245 _aMother goose /
_cRichard Scarry.
260 _a[S.l.] :
_b[S.N.].
300 _a20 p. : ill. ; cm.
650 _aRhymes.
999 _c111653
_d111653